000 00507cab a2200181 4500
001 X953
008 090401t1993 xxu||||| |||| 00| 0 eng d
035 _a(Sirsi) u68413
041 _aeng
245 _aFunding scheme for clients` money
260 _c1993
350 _a0
490 _aCS Monthly
_bthe Building Surveyor
_v2(10) July/August 1993, 2(1)
650 _aCLIENTS MONEY PROTECTION SCHEME
690 _aMANAGEMENT-BUSINESS MANAGEMENT-PROFESSIONAL PRACTICE
942 _n0
948 _c04/03/1997
999 _c42923
_d42923